[Event "Cerete op 32nd"]
[Site "Cerete"]
[Date "2024.03.24"]
[Round "7"]
[White "Cabrales Almanza, Isabela Jireth"]
[Black "Lopez Ramirez, David Santiago"]
[Result "0-1"]
[WhiteElo "1609"]
[BlackElo "2226"]
[PlyCount "82"]
[EventDate "2024.03.21"]
[EventType "swiss"]
[EventRounds "8"]
[EventCountry "COL"]
[SourceTitle "CBM 219 Extra"]
[Source "ChessBase"]
[SourceDate "2024.05.31"]
[SourceVersion "1"]
[SourceVersionDate "2024.05.31"]
[SourceQuality "1"]

1. e4 Nf6 2. e5 Nd5 3. d4 d6 4. exd6 cxd6 5. Bc4 Nb6 6. Bb5+ Bd7 7. Bxd7+ N8xd7 8. Nf3 g6 9. b3 d5 10. Bb2 Bg7 11. Nbd2 Rc8 12. Rc1 Nb8 13. 0-0 Nc6 14. a3 0-0 15. c4 dxc4 16. Nxc4 Nd5 17. Nfe5 e6 18. Qg4 Qe7 19. Rfe1 Rc7 20. Nxc6 Rxc6 21. Qe4 Nf6 22. Qf3 Rfc8 23. Ne5 Rxc1 24. Rxc1 Rxc1+ 25. Bxc1 Nd5 26. Bb2 Qc7 27. Qd3 a6 28. Qc4 Bxe5 29. dxe5 Qxc4 30. bxc4 Nb6 31. f4 Nxc4 32. Bc1 b5 33. Kf2 Kf8 34. Be3 Ke8 35. Bc5 Kd7 36. Ke2 Kc6 37. Bf8 Kd5 38. Kd3 g5 39. g3 g4 40. Be7 h5 41. Bf8 Na5 0-1

[Event "Cerete op 32nd"]
[Site "Cerete"]
[Date "2024.03.24"]
[Round "8"]
[White "Sanchez Martinez, Andres Felipe"]
[Black "Cabrales Almanza, Isabela Jireth"]
[Result "1-0"]
[WhiteElo "1846"]
[BlackElo "1609"]
[PlyCount "75"]
[EventDate "2024.03.21"]
[EventType "swiss"]
[EventRounds "8"]
[EventCountry "COL"]
[SourceTitle "CBM 219 Extra"]
[Source "ChessBase"]
[SourceDate "2024.05.31"]
[SourceVersion "1"]
[SourceVersionDate "2024.05.31"]
[SourceQuality "1"]

1. e4 c5 2. Nf3 Nc6 3. c3 Nf6 4. e5 Nd5 5. Bc4 Nb6 6. Bb3 c4 7. Bc2 d5 8. d4 Bg4 9. h3 Bxf3 10. Qxf3 e6 11. 0-0 Be7 12. Qg4 Kd7 13. b3 a6 14. bxc4 Nxc4 15. Nd2 b5 16. a4 N6a5 17. axb5 axb5 18. Nxc4 Nxc4 19. Rxa8 Qxa8 20. Qxg7 Qf8 21. Qxf8 Bxf8 22. f4 b4 23. cxb4 Bxb4 24. f5 Bc3 25. Rd1 h5 26. Rd3 Be1 27. Kf1 Bh4 28. f6 Rg8 29. Bf4 Bg5 30. Ba4+ Kc7 31. Rg3 Ra8 32. Rxg5 Rxa4 33. Rg7 Nb6 34. Rxf7+ Nd7 35. Be3 Ra1+ 36. Kf2 Ra8 37. Re7 Ra6 38. f7 1-0

[Event "COL-chT (Women)"]
[Site "Risaralda"]
[Date "2023.11.23"]
[Round "7.3"]
[White "Beltran, Martha Cecilia"]
[Black "Cabrales Almanza, Isabela Jireth"]
[Result "1/2-1/2"]
[WhiteElo "1594"]
[BlackElo "1294"]
[PlyCount "104"]
[EventDate "2023.11.19"]
[EventType "team-swiss"]
[EventRounds "7"]
[EventCountry "COL"]
[SourceTitle "CBM 217 Extra"]
[Source "ChessBase"]
[SourceDate "2024.01.31"]
[SourceVersion "1"]
[SourceVersionDate "2024.01.31"]
[SourceQuality "1"]
[WhiteTeam "Cauca (W)"]
[BlackTeam "Cordoba (W)"]
[WhiteTeamCountry "COL"]
[BlackTeamCountry "COL"]

1. d4 d5 2. Nf3 e6 3. e3 c5 4. b3 Nf6 5. Bb2 Nbd7 6. Bd3 Be7 7. 0-0 0-0 8. Nbd2 b6 9. Ne5 Nxe5 10. dxe5 Nd7 11. f4 f5 12. c4 Bb7 13. cxd5 exd5 14. Qh5 Qe8 15. Qh3 Qf7 16. Bb5 Rad8 17. e4 dxe4 18. Bc4 Bd5 19. Bxd5 Qxd5 20. Rad1 Qf7 21. Nc4 b5 22. Nd6 Bxd6 23. Rxd6 Nb6 24. Rfd1 Rxd6 25. Rxd6 Qc7 26. Qg3 Rd8 27. h3 g6 28. Qc3 b4 29. Rxd8+ Qxd8 30. Qxc5 Qd1+ 31. Kh2 Qd2 32. Bd4 Qxf4+ 33. Kh1 Qf1+ 34. Kh2 Qf4+ 35. Kg1 e3 36. Bxe3 Qe4 37. Qd4 Qxd4 38. Bxd4 Kf7 39. Kf2 Ke6 40. Kf3 h6 41. Bc5 Kxe5 42. Bxb4 Nd5 43. Bc5 a6 44. b4 Nc3 45. a3 Nb5 46. a4 Nc3 47. a5 Nb5 48. g3 h5 49. g4 hxg4+ 50. hxg4 Kd5 51. gxf5 gxf5 52. Kf4 Ke6 1/2-1/2

[Event "COL-chT (Women)"]
[Site "Risaralda"]
[Date "2023.11.21"]
[Round "5.2"]
[White "Cabrales Almanza, Isabela Jireth"]
[Black "Labrador Avendano, Angie Jhoana"]
[Result "0-1"]
[WhiteElo "1294"]
[BlackElo "1622"]
[PlyCount "133"]
[EventDate "2023.11.19"]
[EventType "team-swiss"]
[EventRounds "7"]
[EventCountry "COL"]
[SourceTitle "CBM 217 Extra"]
[Source "ChessBase"]
[SourceDate "2024.01.31"]
[SourceVersion "1"]
[SourceVersionDate "2024.01.31"]
[SourceQuality "1"]
[WhiteTeam "Cordoba (W)"]
[BlackTeam "Bogota (W)"]
[WhiteTeamCountry "COL"]
[BlackTeamCountry "COL"]

1. e4 d5 2. exd5 Qxd5 3. Nc3 Qa5 4. Nf3 Bg4 5. Bc4 Nf6 6. d3 Qh5 7. Be3 e6 8. a3 a6 9. d4 Bxf3 10. Qxf3 Qxf3 11. gxf3 Nc6 12. 0-0-0 0-0-0 13. Ne4 h6 14. Nxf6 gxf6 15. f4 Ne7 16. Bb3 f5 17. Rhg1 b5 18. c4 bxc4 19. Bxc4 Kb7 20. Rd3 Nd5 21. Bxd5+ Rxd5 22. Rb3+ Rb5 23. Rxb5+ axb5 24. b4 Kc6 25. Kc2 Kd5 26. Kd3 h5 27. h3 Bh6 28. Rc1 c6 29. Rg1 Ra8 30. Bc1 Kd6 31. Ke3 Rh8 32. Kd3 Ke7 33. Be3 Ra8 34. Bc1 Kf6 35. Ke3 Ke7 36. Kd3 Kf8 37. Ke3 Bg7 38. Bb2 Bf6 39. Rc1 Rc8 40. Rg1 Ke7 41. Bc1 Rd8 42. Bb2 Rh8 43. Bc1 Kf8 44. Bb2 Ke7 45. Bc1 Rh6 46. Bb2 Rg6 47. Rg3 Bh4 48. Rxg6 fxg6 49. Bc3 Kd6 50. Be1 Kd5 51. Kd3 Bf6 52. Bc3 Bg7 53. Bb2 Bf8 54. Bc1 Be7 55. Bd2 Bf6 56. Bc3 g5 57. Bd2 gxf4 58. Bxf4 Bxd4 59. Be3 Bxe3 60. fxe3 h4 61. Kd2 Ke4 62. Ke2 e5 63. Kf2 f4 64. exf4 exf4 65. Ke2 f3+ 66. Ke1 Ke3 67. Kf1 0-1

[Event "COL-chT (Women)"]
[Site "Santa Marta"]
[Date "2022.11.03"]
[Round "2.1"]
[White "Hernandez Fonseca, Maria Paula"]
[Black "Cabrales Almanza, Isabela Jireth"]
[Result "1-0"]
[WhiteElo "2082"]
[BlackElo "1188"]
[PlyCount "41"]
[EventDate "2022.11.02"]
[EventType "team-swiss"]
[EventRounds "7"]
[EventCountry "COL"]
[SourceTitle "CBM 211 Extra"]
[Source "ChessBase"]
[SourceDate "2023.01.31"]
[SourceVersion "1"]
[SourceVersionDate "2023.01.31"]
[SourceQuality "1"]
[WhiteTeam "Caldas (W)"]
[BlackTeam "Cordoba (W)"]
[WhiteTeamCountry "COL"]
[BlackTeamCountry "COL"]

1. e4 c5 2. Nf3 Nc6 3. d4 cxd4 4. Nxd4 Nf6 5. Nc3 e5 6. Ndb5 d6 7. Nd5 Nxd5 8. exd5 Nb8 9. a4 a6 10. Na3 Bf5 11. Bd3 Bxd3 12. Qxd3 Qa5+ 13. Bd2 Qxa4 14. 0-0 Qd7 15. Nc4 Qc7 16. Ba5 Qe7 17. Nb6 Ra7 18. Nc8 Qd7 19. Nxa7 b6 20. Bxb6 Qb7 21. Be3 1-0